00469nam a22001457a 4500020001800000082001500018245010900033250001700142260006500159300002700224563000900251650001500260650002600275650002200301 a9788123926469 a614.1bPAR aParikh' Textbook of Medical Jurisprudence Forensic Medicine and Toxicology /cEdited by BV Subrahmanyam  a7th Edition. aNew Delhi :bCBS Publishers & Distributors (pvt) Ltd,c2016. a722 p. ;bill,c24 cm. aPBK. aToxicology aMedical Jurisprudence aForensic Medicine